| 000 | 00666nam a22001337a 4500 | ||
|---|---|---|---|
| 040 | _cRUA | ||
| 082 | _aAGR CHI 2018 B646 Or.1 | ||
| 100 | _aCHIM NGOY ជីម ង៉ុយ | ||
| 245 | _aeffect of different organic matter on growth and yield of bok choy ( Brassica chinesis) under net house condition ឥទ្ធិពលនៃសាធាតុសរីរាង្គផ្សេងៗគ្នាលើការលូតលាស់និងទិន្នផលដំណាំស្ពៃតឿក្នុងលក្ខខណ្ឌសំណាញ | ||
| 260 |
_aRUA _bphnom penh _c2018 |
||
| 300 |
_av;35p _bill; _c29cm |
||
| 856 | _uCHIM NGOY. | ||
| 942 | _cAGR | ||
| 999 |
_c18196 _d18196 |
||